000 00331cam a22001097a 4500
008 180718b1959 xxu||||| |||| 00| 0 eng d
082 _aLoox5414 Or4t
245 _aThe Orissa treasury code
_cby Finance Department, Orissa
260 _aCuttack
_bThe Satyabadi Press
_c1959
300 _a2v,275+p.
700 _aOrissa. Finance Department
999 _c429279
_d429279